The diplomatic history of British Honduras, 1638-1901 /

Bibliographic Details
Main Author: Humphreys, R. A. (Robert Arthur), 1907-1999
Format: Book
Language:English
Published: Westport, Conn. : Greenwood Press, 1981.
Subjects:

MARC

Tag First Indicator Second Indicator Subfields
LEADER 00000pam a2200000 a 4500
001 in00000072926
005 20151008055956.0
008 810319r19811961ctub b 00110 eng
010 |a  81004635  
020 |a 0313229953 (lib. bdg.) 
035 |a (OCoLC)07307122 
035 |9 AAJ4857AM 
039 0 |a 2  |b 3  |c 3  |d 3  |e 3 
040 |a DLC  |c DLC  |d TXA  |d UtOrBLW 
043 |a ncbh--- 
049 |a TXAM  |c [1804946] 
050 0 0 |a F1449.B7  |b A56 1981 
082 0 |a 972.82/03  |2 19 
100 1 |a Humphreys, R. A.  |q (Robert Arthur),  |d 1907-1999. 
245 1 4 |a The diplomatic history of British Honduras, 1638-1901 /  |c by R.A. Humphreys. 
264 1 |a Westport, Conn. :  |b Greenwood Press,  |c 1981. 
300 |a ix, 196 pages :  |b maps ;  |c 23 cm. 
336 |a text  |b txt  |2 rdacontent 
337 |a unmediated  |b n  |2 rdamedia 
338 |a volume  |b nc  |2 rdacarrier 
500 |a Reprint. Originally published: London ; New York : Oxford University Press, 1961. 
500 |a Six maps on 6 folded leaves in pocket. 
504 |a Includes bibliographical references and indexes. 
650 0 |a Belize question. 
651 0 |a Spain  |x Foreign relations  |z Great Britain. 
651 0 |a Great Britain  |x Foreign relations  |z Spain. 
999 |a MARS 
999 f f |s bab739f4-b29d-3845-baeb-892cea3a389f  |i 05bd7357-6c33-30df-8a58-e23df3736197  |t 0 
952 f f |p normal  |a Texas A&M University  |b College Station  |c Sterling C. Evans Library  |d Evans: Library Stacks  |t 0  |e F1449.B7 A56 1981  |h Library of Congress classification  |i unmediated -- volume  |m A14806111783 
998 f f |a F1449.B7 A56 1981  |t 0  |l Evans: Library Stacks